[Event "Montreal Automne Specialiste"]
[Site "Montreal"]
[Date "1986.10.04"]
[Round "1"]
[White "Rousseau, Daniel"]
[Black "Larogne, Denis"]
[Result "0-1"]
[WhiteElo "1943"]
[BlackElo "1665"]
[PlyCount "74"]
[EventDate "1986.10.04"]
[EventType "swiss"]
[EventRounds "5"]
[EventCountry "CAN"]
[SourceTitle "EXT 2022"]
[Source "ChessBase"]
[SourceDate "2021.10.06"]
[SourceVersion "1"]
[SourceVersionDate "2021.10.06"]
[SourceQuality "1"]

1. e4 c5 2. Nf3 d6 3. d4 cxd4 4. Nxd4 Nf6 5. Nc3 a6 6. Bg5 e6 7. f4 Be7 8. Qf3 Qc7 9. 0-0-0 Nc6 10. Qg3 h6 11. Bxf6 Bxf6 12. Nxc6 Qxc6 13. e5 dxe5 14. fxe5 Bg5+ 15. Kb1 0-0 16. h4 Be7 17. Bd3 Qc7 18. Rhf1 b5 19. Rxf7 Rxf7 20. Qg6 Bxh4 21. Qh7+ Kf8 22. Bg6 Bb7 23. Bxf7 Qxf7 24. Ne4 Bxe4 25. Qxe4 Rd8 26. Rxd8+ Bxd8 27. Qd3 Bc7 28. a4 Qe8 29. Qf3+ Kg8 30. Qb7 Bxe5 31. a5 Qf7 32. Qxa6 Qf1+ 33. Ka2 Qc4+ 34. Kb1 Kh7 35. Qb6 Qb4 36. c3 Bxc3 37. Qf2 Qe4+ 0-1